Cumhuriyet döneminin iktisadi tarihi (1923-1950) (Record no. 8786)

MARC details
000 -BAŞLIK
Sabit Uzunlukta Kontrol Alanı 01011na a2200313 4500
001 - KONTROL NUMARASI
Denetim Alanı 15618
003 - KONTROL NUMARASI IDENTIFIER
Denetim Alanı MIRAKIL
005 - SON İŞLEM TARİHİ VE ZAMANI
Denetim Alanı 20181213155224.0
008 - SABİT-BOY VERİ ELEMANLARI - GENEL BİLGİLER
Sabit Uzunlukta Kontrol Alanı 160918b tu 000 0
020 ## - ULUSLARARASI STANDART KİTAP NUMARASI
Uluslararası Standart Kitap Numarası 9786053325178 (karton kapaklı)
020 ## - ULUSLARARASI STANDART KİTAP NUMARASI
Uluslararası Standart Kitap Numarası 9786053325185 (ciltli)
035 ## - SİSTEM KONTROL NUMARASI
Sistem Kontrol Numarası 15618
040 ## - KATALOGLAMA KAYNAK
Orijinal Kataloglama Ajansı Milas
Kataloglama Dili tur
Metne Dönüştürmek Ajansı TR-AnCHP
082 ## - DEWEY ONLU SINIFLANDIRMA NUMARASI
Sınıflandırma Numarası 330.9561
Ürün Numarası T39c
090 ## - SINIFLAMA NUMARASI
Sınıflama Numarası 330.9561 T39c 2002
100 ## - ANA GİRİŞ - KİŞİSEL İSİM
Kişisel Ad Tezel, Yahya Sezai
Bir Adıyla İlişkilendirilen Tarihler 1941-
245 ## - BAŞLIK TABLOSU
Başlık Cumhuriyet döneminin iktisadi tarihi (1923-1950)
Sorumluluk Tablosu, Vb Yahya S. Tezel
250 ## - EDITION TABLOSU
Baskı Beyanı 5. bs.
260 ## - YAYIN, DAĞITIM, VB
Yayın, Dağıtım, Vb Yeri İstanbul
Yayıncı, Dağıtıcı, Vs Adı Türkiye iş bankası kültür yayınları
Yayın, Dağıtım, Vb Tarihi 2002
300 ## - FİZİKSEL TANIM
Kapsam 675 s.
Boyutlar 22 sm.
490 ## - SERİSİ TABLOSU
Seri Beyanı Türkiye İş Bankası Kültür yayınları
Hacim / Ardışık Tanımı 3350
500 ## - GENEL NOT
Genel Not Kaynakça var.
650 ## - KONU KATMA GİRİŞ - TOPİKAL DÖNEM
Topikal Süreli Veya Coğrafi Ad Giriş Elemanı Ekonomi Tarihi
Coğrafi Alt Bölümü Türkiye
650 ## - KONU KATMA GİRİŞ - TOPİKAL DÖNEM
Topikal Süreli Veya Coğrafi Ad Giriş Elemanı İktisat
Genel Alt Bölümü Tarih
Coğrafi Alt Bölümü Türkiye
651 ## - KONU KATMA GİRİŞ - COĞRAFİ ADI
Coğrafi İsim Türkiye
Genel Alt Bölümü Tarih
-- Siyaset ve yönetim
651 ## - KONU KATMA GİRİŞ - COĞRAFİ ADI
Coğrafi İsim Türkiye
Genel Alt Bölümü Tarih
-- Ekonomi politikaları
651 ## - KONU KATMA GİRİŞ - COĞRAFİ ADI
Coğrafi İsim Türkiye
Genel Alt Bölümü Tarih
-- Ekonomik durum
Kronolojik Alt Bölümü 1923-1950
942 ## - EKLENDİ GİRİŞ ELEMANLARI (KOHA)
Sınıflandırma Veya Raf Düzeni Kaynak Dewey Decimal Classification
Koha Öğesi Türü Books
999 ## - SİSTEM KONTROL NUMARALARI (KOHA)
Koha Biblionumber 8786
Koha Biblioitemnumber 8786
Holdings
Kalıcı Konum Mevcut Konum Edinme Tarihi Edinim Kaynak Toplam Check-Out'Lar Tam Çağrı Numarası Barkod Tarih Son Görülme İtibaren Geçerli Fiyatlar Koha Öğesi Türü
CHP Kütüphanesi CHP Kütüphanesi 09/18/2016 Bağış   330.9561 T39c 2002 002269 09/18/2016 09/18/2016 Books